<?xml version="1.0" encoding="UTF-8"?>
<collection xmlns="http://www.loc.gov/MARC21/slim">
 <record>
  <leader>00842cam a22003011a 4500</leader>
  <controlfield tag="001">000041089</controlfield>
  <controlfield tag="003">17385</controlfield>
  <controlfield tag="005">20231004102839.0</controlfield>
  <controlfield tag="008">160418s2011                  000   vie</controlfield>
  <datafield tag="082" ind1=" " ind2=" ">
   <subfield code="a">390.09</subfield>
   <subfield code="b">PH-B</subfield>
  </datafield>
  <datafield tag="260" ind1=" " ind2=" ">
   <subfield code="a">-HN :</subfield>
   <subfield code="b">nxb Van hoc,</subfield>
   <subfield code="c">2011.</subfield>
  </datafield>
  <datafield tag="300" ind1=" " ind2=" ">
   <subfield code="a">19cm :</subfield>
   <subfield code="b">474tr;.</subfield>
  </datafield>
  <datafield tag="520" ind1=" " ind2=" ">
   <subfield code="a">Noi ve phong tuc trong gia toc- Noi ve phong tuc huong dang-Noi ve phong tuc xa hoi</subfield>
  </datafield>
  <datafield tag="650" ind1=" " ind2=" ">
   <subfield code="a">Khoa hoc xa hoi</subfield>
   <subfield code="b">Phong tuc Viet Nam</subfield>
  </datafield>
  <datafield tag="653" ind1=" " ind2=" ">
   <subfield code="a">Phong tuc VN,Viet nam phong tuc,Phan Ke Binh,</subfield>
  </datafield>
  <datafield tag="700" ind1=" " ind2=" ">
   <subfield code="a">bien tap</subfield>
   <subfield code="b">Ban bien tap</subfield>
  </datafield>
  <datafield tag="OWN" ind1=" " ind2=" ">
   <subfield code="a">LNN</subfield>
  </datafield>
  <datafield tag="902" ind1=" " ind2=" ">
   <subfield code="a">Tham khao TV</subfield>
  </datafield>
  <datafield tag="999" ind1=" " ind2=" ">
   <subfield code="a">From the UDN01</subfield>
  </datafield>
  <datafield tag="TYP" ind1=" " ind2=" ">
   <subfield code="a">Monograph</subfield>
  </datafield>
  <datafield tag="TYP" ind1=" " ind2=" ">
   <subfield code="a">Printed language</subfield>
  </datafield>
  <datafield tag="980" ind1=" " ind2=" ">
   <subfield code="a">Mạng thư viện Đại học Đà Nẵng</subfield>
  </datafield>
 </record>
</collection>
